| 000 | 00613nam a22002177a 4500 | ||
|---|---|---|---|
| 003 | OSt | ||
| 005 | 20140310181929.0 | ||
| 008 | 130722t xxu||||| |||| 00| 0 eng d | ||
| 020 | _a1577681487 | ||
| 050 |
_aLB 1575.9 _b.B953 1997 |
||
| 082 |
_aTRE 372.623 _bB89 1997 |
||
| 100 |
_aBurfoot, Ambrose _92555 |
||
| 245 |
_aSpectrum writing Gr.8 / _cBurfoot, Ambrose |
||
| 260 |
_aU.S.A : _bMcGraw-Hill Children's Publishing, _cc1997. |
||
| 300 |
_a130 p. _bill. ; _c28 cm. |
||
| 521 | _aFaculty | ||
| 541 | _j1 | ||
| 562 | _e1 | ||
| 650 |
_aWriting _xelementary education _92556 |
||
| 942 |
_2lcc _cBK-TR _kTRE |
||
| 999 |
_c7274 _d7274 |
||